An investigation into the porosity of investment material /
Saved in:
| 主要作者: | |
|---|---|
| 格式: | Thesis 圖書 |
| 語言: | English |
| 出版: |
[Leeds] :
University of Leeds School of Dentistry,
1988.
|
| 主題: | |
| 標簽: |
添加標簽
沒有標簽, 成為第一個標記此記錄!
|
| LEADER | 00832cam a2200229 a 4500 | ||
|---|---|---|---|
| 001 | u329171 | ||
| 003 | SIRSI | ||
| 008 | 930802s1988 uk v 00 1 eng | ||
| 035 | |a ABP-2084 | ||
| 040 | |a UMG | ||
| 096 | |a WU180 |b Mohiah 1988 | ||
| 100 | 0 | 0 | |a Mohamed Ibrahim Abu Hassan. |
| 245 | 1 | 3 | |a An investigation into the porosity of investment material / |c a dissertation submitted by Mohamed Ibrahim Abu Hassan. |
| 260 | |a [Leeds] : |b University of Leeds School of Dentistry, |c 1988. | ||
| 300 | |a xii, 102 leaves : |b ill. ; |c 29 cm. | ||
| 500 | |a Typescript. | ||
| 502 | |a Thesis (M.D.Sc.) -- University of Leeds, 1988. | ||
| 504 | |a Bibliography: leaves 97-102. | ||
| 650 | 2 | |a Dental Casting Investment. | |
| 948 | |a 02/08/1993 |b 10/07/1995 | ||
| 596 | |a 10 | ||
| 999 | |a WU180 MOHIAH 1988 |w LC |c 1 |i A500309946 |l STACKS |m P10PERGIGI |r Y |s Y |t TESIS |u 3/8/1993 | ||
